Terrapsychological inquiry: (Record no. 1309346)

MARC details
000 -LEADER
fixed length control field 03205cam a2200409 i 4500
001 - CONTROL NUMBER
control field 23295077
005 - DATE AND TIME OF LATEST TRANSACTION
control field 20250424142716.0
008 - FIXED-LENGTH DATA ELEMENTS--GENERAL INFORMATION
fixed length control field 230824s2024 enka b 001 0 eng
010 ## - LIBRARY OF CONGRESS CONTROL NUMBER
LC control number 2023035762
020 ## - INTERNATIONAL STANDARD BOOK NUMBER
International Standard Book Number 9781032612959
020 ## - INTERNATIONAL STANDARD BOOK NUMBER
International Standard Book Number 9781032612942
037 ## - SOURCE OF ACQUISITION
Terms of availability TB
040 ## - CATALOGING SOURCE
Original cataloging agency CRL
Language of cataloging eng
Description conventions rda
Transcribing agency CRL
041 ## - LANGUAGE CODE
Source of code eng
Language code of text/sound track or separate title eng
042 ## - AUTHENTICATION CODE
Authentication code pcc
050 00 - LIBRARY OF CONGRESS CALL NUMBER
Classification number BF353
Item number .C49 2024
084 ## - COLON CLASSIFICATION NUMBER
Classification number S:(G:55) R4
Assigning agency CRL
100 1# - MAIN ENTRY--PERSONAL NAME
Personal name Chalquist, Craig,
Dates associated with a name 1963-
Relator term author.
9 (RLIN) 752908
245 10 - TITLE STATEMENT
Title Terrapsychological inquiry:
Remainder of title restorying our relationship with nature, place, and planet
250 ## - EDITION STATEMENT
Edition statement Second edition.
260 ## - PUBLICATION, DISTRIBUTION, ETC.
Place of publication, distribution, etc. Abingdon, Oxon;
-- New York, USA:
Name of publisher, distributor, etc. Routledge, Taylor & Francis Group,
Date of publication, distribution, etc. 2024.
300 ## - PHYSICAL DESCRIPTION
Extent xv, 195p.
Other physical details illustrations ;
Dimensions 25 cm
336 ## - CONTENT TYPE
Content type term text
Content type code txt
Source rdacontent
337 ## - MEDIA TYPE
Media type term unmediated
Media type code n
Source rdamedia
338 ## - CARRIER TYPE
Carrier type term volume
Carrier type code nc
Source rdacarrier
365 ## - TRADE PRICE
Price amount 36.99
Currency code UKP
500 ## - GENERAL NOTE
General note "First edition published by Routledge 2020"--Title page verso.
504 ## - BIBLIOGRAPHY, ETC. NOTE
Bibliography, etc. note Includes bibliographical references and index.
520 ## - SUMMARY, ETC.
Summary, etc. "Terrapsychological Inquiry is a path of storied, imaginative research that takes seriously our intense inner responses to the state of the natural world. This place-rooted approach studies, from the standpoint of lived experience, how the world gets into the heart. Oceans and skies, trees and hills, rivers and soils, and even built things like houses, cities, ports, and planes: How do they show up for us inwardly? How do our moods, feelings, and dreams reflect what happens in the world? Terrapsychological Inquiry evolved over a decade of exploration by graduate students, instructors, ceremonialists, workshop leaders and presenters, and other practitioners of embodied creativity to offer an Earth-honoring mode of storied qualitative inquiry, one that transforms all involved from passive spectators of the doings of the world into active, sensitive participants. Learn how to use this methodology of earthly reenchantment in a variety of settings inside and outside academia and by doing so reenter an animate world. This new edition has been revised throughout and offers fresh insights into how Terrapsychological Inquiry, a field with roots in depth psychology, ecopsychology, and Hermetic philosophy, can also be used as an ecospiritual path. Thoroughly updated with a new chapter and added discussion questions and exercises at the end of each chapter, this introduction to an evolving research methodology will be of great interest to students and scholars of environmental psychology, ecotherapy, and environment and sustainability studies more generally"--
Assigning source Provided by publisher.
650 #0 - SUBJECT ADDED ENTRY--TOPICAL TERM
Topical term or geographic name entry element Environmental psychology.
9 (RLIN) 752909
650 #0 - SUBJECT ADDED ENTRY--TOPICAL TERM
Source of heading or term Science
776 08 - ADDITIONAL PHYSICAL FORM ENTRY
Relationship information Online version:
Main entry heading Chalquist, Craig.
Title Terrapsychological inquiry
Edition 2.
Place, publisher, and date of publication New York : Routledge, 2023
International Standard Book Number 9781003462965
Record control number (DLC) 2023035763
906 ## - LOCAL DATA ELEMENT F, LDF (RLIN)
a 7
b cbc
c orignew
d 1
e ecip
f 20
g y-gencatlg
942 ## - ADDED ENTRY ELEMENTS (KOHA)
Source of classification or shelving scheme Colon Classification (CC)
Koha item type Textbook
Edition 2 Ed.
Classification part S:(G:55) R4
Suppress in OPAC No
Holdings
Withdrawn status Lost status Source of classification or shelving scheme Damaged status Not for loan Home library Current library Date acquired Source of acquisition Cost, normal purchase price Inventory number Total Checkouts Full call number Barcode Date last seen Price effective from Koha item type
    Colon Classification (CC)     Central Library Central Library 2025-04-24 Shivam Book Service 36.99 84 & 2024-12-02   S:(G:55) R4 CL1681717 2025-04-24 2025-04-24 Textbook
Copyright @ Delhi University Library System